| 000 | 00529nam a2200205Ia 4500 | ||
|---|---|---|---|
| 003 | OSt | ||
| 005 | 20230413094411.0 | ||
| 008 | 210423s2009 xx 000 0 und d | ||
| 020 | _a9788172238995 | ||
| 040 | _cAL | ||
| 041 | _aeng | ||
| 082 |
_a271.90022 WATG _223 |
||
| 100 |
_aWATTS (Greg). _987172 |
||
| 245 | _aMother Teresa: faith in the darkness. | ||
| 260 |
_aNoida _bCollins Educational Ltd _c2009 |
||
| 300 |
_a192 _bPB |
||
| 365 |
_b695 _cINR |
||
| 906 | _adarkness. ; faith ; Mother ; teresa: | ||
| 942 |
_2ddc _cBK |
||
| 999 |
_c159155 _d159155 |
||